Quizzes
Events
Quiz Creation
Community
Videos
Private Events
Remove Ads
Sign In
Join for FREE
Feedback
Dark Mode
Quiz Categories
Sports
Geography
Music
Movies
Television
Just For Fun
Miscellaneous
History
Literature
Language
Science
Gaming
Entertainment
Religion
Holiday
For Kids
Quiz Lab
Recent
Popular Today
Quiz Kudos Today
Editor Picks
Curator Picks
Quizzes by...
Day
Popularity
Type
Ratings
Length
Year
Community
Subscriptions
Recent Discussions
Orange Saloon
Badges
Playlists
Quests
Create
Leaderboards
Showdown
Live 5
Trivia Bingo
Activity
Puzzle Library
Sporcle Events
Private Events
Virtual Trivia
Globe League
Become a Host
Pub Owners
SporcleCon
Opinionation
Our Games
Videos
Blog
Mobile Apps
Partnerships
Remove Ads and Go Orange
Feedback
Movies
Disney
Marvel Cinematic Universe
Movie Resume
Movie Titles
Oscar
Actor
Actress
Director
Pixar
Role
Movie Quotes
Movie Characters
Box Office
Nominee
Best Picture
Star Wars
James Bond
Horror Movies
Movies
Disney
Marvel Cinematic Universe
Movie Resume
Movie Titles
Oscar
Actor
Actress
Director
Pixar
Role
Movie Quotes
Movie Characters
Box Office
Nominee
Best Picture
Star Wars
James Bond
Horror Movies
Random Quiz
Search Sporcle
×
Quiz Lab
Quiz Lab
Movies
Box Office
Type in answers that appear in a list
Type in answers that appear in a list
Classic
Best Score? Go Orange.
Highest grossing Movies of 2015 Stats
Can you name the Highest grossing Movies of 2015?
By
oriole78
4m
25 Questions
65 Plays
65 Plays
65 Plays
Comments
Comments
Give Quiz Kudos
Give Quiz Kudos
-
- Ratings
hide this ad
Replay
Link that replays current quiz
Next Quiz
Link to next quiz in quiz playlist
You Got
0%
They Got
Avg Score
30%
Avg Friend Score
Upgrade to see
Score Distribution
Jump to the score distribution portion of the page
Score
0/25
Timer
04:00
0
Plays Today
Hint
Answer
% Correct
$933,674,012
Star Wars: The Force Awakens
80%
$652,270,625
Jurassic World
70.8%
$459,005,868
Avengers: Age of Ultron
66.2%
$356,461,711
Inside Out
55.4%
$336,045,770
Minions
47.7%
$180,202,163
Ant-Man
46.2%
$281,723,902
The Hunger Games: Mockingjay - Part 2
41.5%
$182,068,746
The Revenant
41.5%
$153,636,354
Mad Max: Fury Road
36.9%
$353,007,020
Furious 7
33.8%
$200,069,186
Spectre
27.7%
$228,433,663
The Martian
26.2%
$195,042,377
Mission: Impossible - Rogue Nation
23.1%
Hint
Answer
% Correct
$201,151,353
Cinderella
20%
$130,179,072
The Divergent Series: Insurgent
20%
$177,397,510
Home
16.9%
$166,167,230
Fifty Shades of Grey
16.9%
$161,197,785
Straight Outta Compton
15.4%
184,296,230
Pitch Perfect 2
13.8%
$155,190,832
San Andreas
13.8%
$150,098,255
Daddy's Home
13.8%
$130,174,897
The Peanuts Movie
13.8%
$169,700,110
Hotel Transylvania 2
10.8%
$128,261,724
Kingsman: The Secret Service
10.8%
$162,994,032
The SpongeBob Movie: Sponge Out of Water
6.2%
Quiz Playlist
Details
Report
Send in Message
Add To Playlist
Classic:
Type in answers that appear in a list
Last Updated: Feb 16, 2017
Quiz Scoreboard
CHALLENGE
Sign Up to Join the Scoreboard
Show All
Scores
Hide
Comments
May contain spoilers
Recently Published
Presidents Visiting Landmarks
by Hejman
History
7m
An Introduction to Baseball
by treessimontrees
Sports
5m
Movies - When Are They Set?
by FPL_Elf
Movies
5m
More to Explore
Quiz From the Vault
Featured Blog Post
Where Did the Easter Bunny Come From?
hide this ad
You Might Also Like...
Tags
Box Office Quiz
2015
Today's Top Quizzes in Movies
Browse Movies
hide this ad
Today's Top Quizzes in Box Office
Browse Box Office
Top Contributed Quizzes in Movies
1
Pick 5 Posters: Directed by Spielberg
2
Pick 5 Posters: Lowest-Rated Spielberg
3
7-to-1: Pixar Characters
4
Multi-Oscar Nominations, One Movie, One Winner
5
Pick 5 Posters: Directed by Scorsese
6
12 Movies about Fictional 1960s Events
7
Pick 5 Posters: Star & Director
8
Sorting Actors
9
Sorting Actresses
10
One Thing in Common: Movies
Explore More
Trending Topics
NBA
Harry Potter
Disney
Kpop
Anime
Crossword
Marvel
WWE
Country
Puzzle
Pokémon
NFL
Song
The Office
Soccer
hide this ad
More By:
oriole78
Quiz
Plays
Rating
Category
Featured
Created
Batman Villains by Movie
30,759
4.49
Movies
Aug 28, 2018
Detroit Lions Thanksgiving Opponents
26,726
4.68
Sports
Nov 12, 2015
NBA teams I won the Finals with(as A player only)
17,300
3.61
Sports
Apr 23, 2018
Did I win an NFL Superbowl?
15,786
2.45
Sports
Nov 9, 2015
Did I start my NBA career with the New York Knicks
12,206
4.31
Sports
Sep 26, 2016
Go to Creator's Profile
Score Distribution
Quiz Creator Spotlight
oriole78
Follow
Send a Message
Quizzes Created
-
Created Quiz Play Count
-
More By This Creator
Popular Quizzes Today
1
Find the Countries of Europe - No Outlines Minefield
2
Find the US States - No Outlines Minefield
3
The Countries of the World
4
Popular People in 1961
5
Find the US States
6
US States
7
Risky Map Clicking: Biggest States A-Z
8
1-10 Letter E Words III
More Movies Quizzes
One Word 'W,' 'X,' 'Y,' and 'Z' Movies
Published
Trending Quizzes
Risky Map Clicking: Least Populous States A-Z
1-10 Letter F Words
1-10 Letter G Words
One Thing in Common: United Kingdom
Risky Map Clicking: Next State Alphabetically
Recently Updated
Leaping Animals
pecheneg
Reality TV Shows (A-Z)
bhenderson79
Rickey Henderson's Hall of Fame Teammates
pecheneg
Champions League XIs: Arsenal
pecheneg
Quick Pick: Celebrities in WWE's Hall of Fame
aduchscher
A-Z Keypad Blitz II
pecheneg
Multiple Oscar Actors
pecheneg
Mystery Phrase Blitz: Oscar 'Best Actors'
pecheneg
F. Scott Fitzgerald Novels
LTH
Pick 3 Villains
ddd62291
Trending Topics
NBA
Disney
Kpop
Marvel
Crossword
Anime
Harry Potter
NFL
Pokémon
The Office
Country
WWE
Puzzle
Song
Soccer
Your Account Isn't Verified!
In order to create a playlist on Sporcle, you need to verify the email address you used during registration. Go to your
Sporcle Settings
to finish the process.
Report this User
Report this user for behavior that violates our
Community Guidelines
.
Details:
Send Report
Go to the Sporcle.com Mobile Site →
Comments